Capitán Cook (Record no. 47238)

MARC details
000 -LEADER
campo de control de longitud fija 00689nam a2200217 i 4500
001 - NÚMERO DE CONTROL
campo de control 47238
003 - IDENTIFICADOR DE NÚMERO DE CONTROL
campo de control ES-MaACL
005 - FECHA Y HORA DE LA ÚLTIMA TRANSACCIÓN
campo de control 20250829063108.0
007 - CAMPO FIJO DE DESCRIPCIÓN FÍSICA--INFORMACIÓN GENERAL
campo de control de longitud fija t|
008 - DATOS DE LONGITUD FIJA--INFORMACIÓN GENERAL
campo de control de longitud fija 030404s1957 sp |||| |dspa d
100 1# - ENTRADA PRINCIPAL--NOMBRE DE PERSONA
Nombre de persona Cook, James,
Fechas asociadas al nombre 1728-1779
9 (RLIN) 126569
245 10 - MENCIÓN DEL TÍTULO
Título Capitán Cook
Resto del título : viajes /
Mención de responsabilidad, etc. James Cook ; traducción íntegra y directa del inglés por Elena García Ortiz.
260 ## - PUBLICACIÓN, DISTRIBUCIÓN, ETC.
Lugar de publicación, distribución, etc. Barcelona :
Nombre del editor, distribuidor, etc. Fama,
Fecha de publicación, distribución, etc. 1957.
300 ## - DESCRIPCIÓN FÍSICA
Extensión 519 p. ;
Dimensiones 19 cm.
490 1# - MENCIÓN DE SERIE
Mención de serie Serie junco
650 04 - PUNTO DE ACCESO ADICIONAL DE MATERIA--TÉRMINO DE MATERIA
Término de materia o nombre geográfico como elemento de entrada Viajes alrededor del mundo-
Subdivisión cronológica S.XVIII.
9 (RLIN) 159809
700 1# - ENTRADA AGREGADA--NOMBRE PERSONAL
Nombre de persona García Ortiz, Elena.
9 (RLIN) 55064
830 0# - PUNTO DE ACCESO ADICIONAL DE SERIE-TÍTULO UNIFORME
Título uniforme Serie junco
9 (RLIN) 182124
852 ## - LOCALIZACIÓN
Ubicación ES-MaACL
Número de control de estantería C-13918
Holdings
Estatus retirado Estado de pérdida Estado de daño No para préstamo Biblioteca de origen Biblioteca actual Ubicación en estantería Fecha de adquisición Fuente de adquisición Total de préstamos Signatura topográfica completa Código de barras Visto por última vez Precio de reemplazo Tipo de ítem Koha
        Biblioteca del Ateneo de Madrid Biblioteca del Ateneo de Madrid Sala Palomar 17/01/2008     C-13918 1049684 23/02/2023 23/02/2023 Libro impreso